Pays ayant remporté l'Euro - Mort Subite - Statistiques

Statistiques générales
  • Ce quiz a été pris 61 fois
  • Le résultat moyen est 5 sur 8
Answers on the Grid
Answers color-coded by a green-red scale on the quiz's grid according to % correct below.
Slovénie
Allemagne
Italie
URSS
Portugal
Pays-Bas
Tchécoslovaquie
Danemark
Grèce
Angleterre
Yougoslavie
Belgique
Tchéquie
Slovénie
Suède
Russie
Turquie
Hongrie
Pays de Galles
Norvège
Finlande
Suisse
Ukraine
Pologne
 
Statistiques - réponses
Réponse % Correct
Portugal
70%
Grèce
68%
Allemagne
66%
Italie
64%
Pays-Bas
64%
Danemark
45%
Tchécoslovaquie
43%
URSS
43%
Aucun quiz correspondant
Distribution des résultats
% des personnes avec chaque résultat
Percentile par nombre de réponses
Votre historique - résultats
Vous n’avez pas pris ce quiz